| 000 | 00678nam a22002417a 4500 | ||
|---|---|---|---|
| 999 |
_c4349 _d4349 |
||
| 001 | 17122 | ||
| 003 | BD-DhUAP | ||
| 005 | 20201110131205.0 | ||
| 008 | 201108s2008 enka b 001 0 eng d | ||
| 020 | _a8121906059 | ||
| 040 |
_aDLC _cDLC _dBD-DhUAP _bEng |
||
| 082 | 0 | 0 |
_223 _a539.1 MUR |
| 100 | _aMurugeshan, R. | ||
| 245 | 1 | 0 |
_aProperties of matter / _cR. Murugeshan. |
| 250 | _arev. ed. | ||
| 260 |
_aNew Delhi : _bS. chand & com. ltd., _cc2008. |
||
| 300 |
_axi, 251 pages : _billustrations ; _c22 cm. |
||
| 500 | _aIncludes index. | ||
| 650 | 0 |
_aMatter _xProperties. _920740 |
|
| 650 | 0 | _aPhysics. | |
| 942 |
_2ddc _cBK |
||